ASOIAF - Dornish Houses COAs - Statistics

General Stats
  • This quiz has been taken 76 times
  • The average score is 10 of 16
Answer Stats
Picture Answer % Correct
Nymeros Martell
100%
Dayne
94%
Yronwood
83%
Qorgyle
69%
Uller
65%
Fowler
60%
Toland
60%
Manwoody
58%
Santagar
58%
Allyrion
56%
Dalt
54%
Blackmont
52%
Wyl
52%
Jordayne
48%
Vaith
46%
Gargalen
35%
No matching quizzes found
Score Distribution
Percent of People with Each Score
Percentile by Number Answered
Your Score History
You have not taken this quiz